000 00295nam a2200133Ia 4500
005 20251222155148.0
008 251222s9999||||xx |||||||||||||| ||spa||
082 _aREL.79.12
100 _aJUAN XXIII.
245 0 _aPacem in Terris
250 _a1ra. ed.
264 _bSalesiana
942 _cLIB
999 _c39450
_d39450